000 00865nam a2200229Ii 4500
003 JO-AjNU
008 230605s9999||||xx |||||||||||||| ||und||
017 _a2010/1/330
020 _a978-9957-33-209-9
040 _aJO-AjNU
_bara
_erda
_cJO-AjNU
041 _aara
050 1 4 _aHF 5549 .5 .M3. U83 2010
100 3 _aتأليف: العتيبي،محمد زويد,
_eauthor
_927683
245 0 0 _aالاتجاهات الحديثة في إدارة الموارد البشرية
250 _aط1
264 3 1 _aعمان:مؤسسة الوراق للنشر والتوزيع؛2010
300 _a231ص
_bيحتوي على ببلوغرافية من ص 225-231ص
336 _atext
_btxt
_2rdacontent
337 _aunmediated
_bn
_2rdamedia
338 _avolume
_bnc
_2rdacarrier
650 4 _aادارة الموارد البشرية-ادارة الافراد
_927684
999 _aA10648
_c14216
_d14216